Wetland flora and vegetation of the Upper Tisa river valley

This work presents a characterization of the flora and vegetation of the Upper Tisa (upper section of River Tisa) and an enumeration of the hydrophilous, hygrophilous and hygromesophilous species and phytocenoses. In the text we use following abbreviations: lifeforms: Ph = phanerophyte (Mph. = MM.:...

Teljes leírás

Elmentve itt :
Bibliográfiai részletek
Szerzők: Drăgulescu Constantin
Fintha István
Mihály Andrij
Szabó Anikó
Dokumentumtípus: Könyv része
Megjelent: 1999
Sorozat:Tiscia monograph series
The Upper Tisa valley : preparatory proposal for Ramsar site designation and an ecological background Hungarian, Romanian, Slovakian and Ukrainian co-operation
Kulcsszavak:Tisza - élővilág, Felső-Tisza-vidék - ökológia, Növényvilág
Tárgyszavak:
Online Access:http://acta.bibl.u-szeged.hu/10203
LEADER 02791naa a2200277 i 4500
001 acta10203
005 20220322132530.0
008 161015s1999 hu o 0|| eng d
022 |a 1418-0448 
040 |a SZTE Egyetemi Kiadványok Repozitórium  |b hun 
041 |a eng 
100 1 |a Drăgulescu Constantin 
245 1 0 |a Wetland flora and vegetation of the Upper Tisa river valley  |h [elektronikus dokumentum] /  |c  Drăgulescu Constantin 
260 |c 1999 
300 |a 213-272 
490 0 |a Tiscia monograph series 
490 0 |a The Upper Tisa valley : preparatory proposal for Ramsar site designation and an ecological background Hungarian, Romanian, Slovakian and Ukrainian co-operation 
520 3 |a This work presents a characterization of the flora and vegetation of the Upper Tisa (upper section of River Tisa) and an enumeration of the hydrophilous, hygrophilous and hygromesophilous species and phytocenoses. In the text we use following abbreviations: lifeforms: Ph = phanerophyte (Mph. = MM.: megaphanerophyte, mPh = M.: mesophanerophyte, nPh = N.: nanophanerophyte), Ch.: chamaephyte, H.: hemicryptophyte, G.: geophyte, T.: therophyte (Th.: annual therophyte, TH.: biannual therophyte), Hh. = HH.: helohydatophyte = hydatohelophyte. Floristic elements. Adv.: Adventive, Afr.: African, Alp.: Alpine, Amphiatl.: Amphiatlantic, Asia (S—, E— = Southern—, Eastern— etc.): Asian, Atl.: Atlantic, B. = Balc.: Balcanic, Bor.: Boreal, Cauc.: Caucasian, Carp.: Carpathian, Cp.: Circumpolar = Circumboreal, C. = Cont. Continental, Cosm.: Cosmopolitan, D.: Dacic, End.: Endemism, Eua. (S—, M— etc. = Southern-, Middle— etc.): Eurasian, Eu. (S—, Ec = M— etc. = Southern-, Central or Middle- etc.): European, Eurosib.: Eurosiberian, M. = Medit.: Mediterranean, Mp. = Ponto-medit.: Pontic-Mediterranean, Palaetrop.: palaetropical, Pn. = Pannon: Pannonic, P. = Ponto-: pontic, Sarmata: Sarmathian, Submedit.: Submediterranean, Subtr.: Subtropical, and combinations of the above mentioned elements.[Mont.: mountainous]. Waterway segments: BT - the Chorna Tisa, WT - the Bila Tisa, MT - the united (joined) mountainous section of River Tisa, JT - the joined Romanian-Ukrainian section of River Tisa, UT - the hilly Ukrainian section of River Tisa, HT - the Hungarian Upper Tisa. The mark (!) indicates that the plant or association was observed by foreign authors. 
650 4 |a Természettudományok 
650 4 |a Föld- és kapcsolódó környezettudományok 
650 4 |a Biológiai tudományok 
695 |a Tisza - élővilág, Felső-Tisza-vidék - ökológia, Növényvilág 
700 0 1 |a Fintha István  |e aut 
700 0 1 |a Mihály Andrij  |e aut 
700 0 1 |a Szabó Anikó  |e aut 
856 4 0 |u http://acta.bibl.u-szeged.hu/10203/1/tiscia_mono_004_213-272.pdf  |z Dokumentum-elérés